Loading...

Human resource management in libraries /

Bibliografiske detaljer
Hovedforfatter: Mahapatra, Piyush Kanti
Format: Printed Book
Sprog:English
Udgivet: Delhi : Ess Ess Publications, 2002.
Fag:
LEADER 00605nam a2200157Ia 4500
008 160114b xxu||||| |||| 00| 0 eng d
020 |a 8170003237 
082 |a 023.9 
100 |a Mahapatra, Piyush Kanti 
245 |a Human resource management in libraries /  |c By Piyush Kanti Mahapatra 
260 |a Delhi :  |b Ess Ess Publications,   |c 2002. 
300 |a 235 p. 
653 |a Elements of personnel administration 
942 |c BK 
999 |c 143544  |d 143544 
952 |0 0  |1 0  |4 0  |6 023_900000000000000_MAH_H  |7 0  |9 152764  |a LIS  |b LIS  |c ST1  |d 2006-04-08  |g 525.00  |i 02171  |l 1  |m 2  |o 023.9 MAH/H  |p LIS2171  |r 2020-03-04  |s 2019-07-19  |w 2016-07-26  |y BK